000 00872nam a2200205Ii 4500
003 JO-AjNU
008 230605s9999||||xx |||||||||||||| ||und||
017 _a1976/1/ط1/3000
040 _aJO-AjNU
_bara
_erda
_cJO-AjNU
041 _aara
050 1 4 _aQ18.I77 1976
100 3 _aدرقاوي، اسعد عربي/ م. مشارك حافظ الجمال ، كمال الغالي ؛ ترجمة مصطفى الحاج ابراهيم ,
_eauthor
_936730
245 0 0 _aالاتجاهات الرئيسية للبحث في العلوم الاجتماعية والانسانية، مج1
264 3 1 _aسوريا:وزارة التعليم العالي ،1976
300 _aمج1، 622ص
336 _atext
_btxt
_2rdacontent
337 _aunmediated
_bn
_2rdamedia
338 _avolume
_bnc
_2rdacarrier
650 4 _aالعلوم الاجتماعية - مناهج بحث
_936731
999 _aA15286
_c18854
_d18854